Fires and firemen of Nacogdoches, Texas : a history of the Fire Department with a roster of the men who served, together with accounts of selected fires from 1840 to 1974 /

Bibliographic Details
Main Author: Ericson, Carolyn Reeves, 1931-
Format: Book
Language:English
Published: [Nacogdoches? Tex.] : Ericson, [1976]
Subjects:

MARC

Tag First Indicator Second Indicator Subfields
LEADER 00000cam a2200000 i 4500
001 in00000577006
005 20151014065936.0
008 760622s1976 txua 00110 eng
010 |a  76363309  
020 |c $12.50 
035 |a (OCoLC)02332552 
035 |9 ACN8515AM 
040 |a DLC  |c DLC  |d m.c.  |d TXA  |d UtOrBLW 
043 |a n-us-tx 
049 |a TXAM  |c [A09080606] 
050 0 0 |a TH9505.N26074  |b E74 
082 0 |a 363.3/7/09764182 
100 1 |a Ericson, Carolyn Reeves,  |d 1931- 
245 1 0 |a Fires and firemen of Nacogdoches, Texas :  |b a history of the Fire Department with a roster of the men who served, together with accounts of selected fires from 1840 to 1974 /  |c by Carolyn Reeves Ericson. 
264 1 |a [Nacogdoches? Tex.] :  |b Ericson,  |c [1976] 
264 4 |c ©1976 
300 |a xi, 241 pages :  |b illustrations ;  |c 29 cm. 
336 |a text  |b txt  |2 rdacontent 
337 |a unmediated  |b n  |2 rdamedia 
338 |a volume  |b nc  |2 rdacarrier 
500 |a Includes index. 
650 0 |a Fire departments  |z Texas  |z Nacogdoches  |x History. 
650 0 |a Fire prevention  |z Texas  |z Nacogdoches  |x History. 
999 |a MARS 
999 f f |s b2cb105b-66ad-32e9-aebd-7eecba23b0b6  |i 8c3c53b8-015a-3646-a7c0-b7b1406d3415  |t 0 
952 f f |p ric  |a Texas A&M University  |b Rellis Campus  |c Joint Library Facility  |d Remote Storage  |t 0  |e TH9505.N26074 E74  |h Library of Congress classification  |i unmediated -- volume  |m A14809080606 
998 f f |a TH9505.N26074 E74  |t 0  |l Remote Storage